Study on effect of work motivation and job satisfaction on employee performance of MESCOM Mangalore / (Record no. 231835)
[ view plain ]
| 000 -LEADER | |
|---|---|
| fixed length control field | 00734nam a22001937a 4500 |
| 003 - CONTROL NUMBER IDENTIFIER | |
| control field | OSt |
| 005 - DATE AND TIME OF LATEST TRANSACTION | |
| control field | 20240919092248.0 |
| 008 - FIXED-LENGTH DATA ELEMENTS--GENERAL INFORMATION | |
| fixed length control field | 240919b ||||| |||| 00| 0 eng d |
| 040 ## - CATALOGING SOURCE | |
| Transcribing agency | AIMIT LIBRARY |
| 100 ## - MAIN ENTRY--PERSONAL NAME | |
| Personal name | Rodrigues, Vijesh John. |
| Relator term | 2216229 |
| 9 (RLIN) | 179461 |
| 245 ## - TITLE STATEMENT | |
| Title | Study on effect of work motivation and job satisfaction on employee performance of MESCOM Mangalore / |
| Statement of responsibility, etc. | By Vijesh John Rodrigues. |
| 260 ## - PUBLICATION, DISTRIBUTION, ETC. | |
| Place of publication, distribution, etc. | Mangalore |
| Date of publication, distribution, etc. | 2024 |
| 650 ## - SUBJECT ADDED ENTRY--TOPICAL TERM | |
| Topical term or geographic name entry element | Literature review objectives and conceptual framework |
| 9 (RLIN) | 179462 |
| 650 ## - SUBJECT ADDED ENTRY--TOPICAL TERM | |
| Topical term or geographic name entry element | Research methodology |
| 9 (RLIN) | 179463 |
| 650 ## - SUBJECT ADDED ENTRY--TOPICAL TERM | |
| Topical term or geographic name entry element | Data analysis and interpretation |
| 9 (RLIN) | 179464 |
| 650 ## - SUBJECT ADDED ENTRY--TOPICAL TERM | |
| Topical term or geographic name entry element | Discussion of results and managerial implications |
| 9 (RLIN) | 179465 |
| 700 ## - ADDED ENTRY--PERSONAL NAME | |
| Personal name | Harinakshi |
| 9 (RLIN) | 179466 |
| 942 ## - ADDED ENTRY ELEMENTS (KOHA) | |
| Source of classification or shelving scheme | Dewey Decimal Classification |
| Koha item type | Project Report |
| Withdrawn status | Lost status | Source of classification or shelving scheme | Damaged status | Not for loan | Collection code | Home library | Current library | Shelving location | Date acquired | Total Checkouts | Barcode | Date last seen | Copy number | Price effective from | Koha item type |
|---|---|---|---|---|---|---|---|---|---|---|---|---|---|---|---|
| Dewey Decimal Classification | Not for loan | Project Report MBA | St Aloysius Institute of Management & Information Technology | St Aloysius Institute of Management & Information Technology | Dissertations | 09/19/2024 | PRB02441 | 09/19/2024 | 2216229 | 09/19/2024 | Project Report |